000
00265nam a2200121Ia 4500
100
_a
Abbott W
942
_c
BK
654
_a
Machine Drawing And Design
245
_a
Machine Drawing And Design
260
_b
Blackie And Sons
082
_a
604.2
546
_a
ENGLISH
999
_c
19774
_d
19774